01277nam0a22002171 4500001001100000005001700011035002600028100004100054101000800095102000700103105001800110200048800128210002700616215003000643320003300673702007300706712022100779801001801000801002201018852001901040rc\113440220250622191450.0 a(NLR Aleph) 006375425 a20041126d1986 |||y0rusy50 ca0 arus aRU aa |||||||||1 aСОСТОЯНИЕ и основные направления совершенствования работы по распространению методов труда передовиков производства на предприятиях отраслиeМетод. разраб.fИн-т повышения квалификации руководящих работников и специалистов судостроит. пром-стиg[П.В. Полтаруха] aЛ.cИПК СПd1986 a36 с., [2] л. ил.d20 aБиблиогр.: с. 33-35 1aПолтарухаbП.В.gПавел Владимирович422002aИнститут повышения квалификации руководящих работников и специалистов судостроительной промышленностиcЛенинград 0aRUbNLRgpsbo 1aRUbELAR2rusmarc aNLRj88-4/4603